| 000 | 00537pab a2200181 454500 | ||
|---|---|---|---|
| 008 | 180718b2015 xxu||||| |||| 00| 0 eng d | ||
| 100 | _aBouquet, Emmanuelle | ||
| 245 | _aAgricultural workers, credit rationing and family networks in rural Mexico | ||
| 260 | _c2015 | ||
| 300 | _ap.523-537. | ||
| 362 | _aMay | ||
| 650 | _aAgricultural workers - Mexico | ||
| 650 | _aAgricultural workers | ||
| 700 | _aRodriguez- Solis, Gerardo | ||
| 700 | _aMorvant- Roux, Solene | ||
| 773 | _aJournal of Development Studies | ||
| 909 | _a108931 | ||
| 999 |
_c108926 _d108926 |
||